Statystyki dla Państwa o największej ilości czerni

Kliknij tutaj aby rozwiązać quiz!

Ogólne statystyki

  • Ten quiz został rozwiązany 32 razy
  • Średni wynik to 8 z 14

Statystyki odpowiedzi

procentykraj% Poprawnych
33,3%Niemcy
85%
33,3%Belgia
75%
33,3%Egipt
65%
33,3%Irak
65%
33,3%Jemen
65%
48,9%Libia
65%
47,2%Angola
60%
33,3%Syria
60%
31,3%Uganda
60%
33,3%Estonia
50%
30,2%Kenia
50%
48,1%Papua nowa gwinea
50%
29,8%Tanzania
50%
33,1%Jamajka
40%

Rozkład punktacji

Percentyl według liczby udzielonych odpowiedzi

Procent ludzi z każdym wynikiem

Twoja historia wyników

Nie rozwiązałeś tego quizu